| 000 | 00367nam a2200133Ia 4500 | ||
|---|---|---|---|
| 008 | 150202s9999 xx 000 0 und d | ||
| 020 | _a373761252 | ||
| 050 |
_aFIC _bFIC |
||
| 100 | _aOrwig, Sara. | ||
| 245 |
_aHer torrid temporary marriage / _cSara Orwig. |
||
| 260 |
_aNew York : _bSilhouette Books, _c1998. |
||
| 300 |
_a187 pages : _c18 cm. |
||
| 650 | _aFiction. | ||
| 999 |
_c282282 _d282282 |
||